Statistiques concernant Pays les plus riches par habitant • A-Z

Cliquez ici pour prendre le quiz!

Statistiques générales

  • Ce quiz a été pris 88 fois
    (50 depuis la dernière actualisation)
  • Le résultat moyen est 14 sur 24

Statistiques - réponses

# PIB par habitant $ Pays le plus riche # % Correct
F44,050FinlandeF
81%
N70,590NorvègeN
79%
Q124,927QatarQ
79%
J42,659JaponJ
79%
C48,141CanadaC
76%
L109,192LuxembourgL
71%
E68,245Emirats Arabes UnisE
71%
O45,464OmanO
69%
A55,263Arabie saouditeA
67%
Y2,300YemenY
67%
D49,613DanemarkD
64%
I72,632IrlandeI
60%
P53,582Pays-BasP
60%
Z3,997ZambieZ
57%
H28,910HongrieH
55%
S90,531SingapourS
55%
K69,669KoweïtK
55%
U22,445UruguayU
52%
V12,388VenezuelaV
50%
R43,620Royaume-UniR
48%
T49,827TaiwanT
43%
B76,743BruneiB
38%
M42,532MalteM
24%
G34,865Guinée équatorialeG
10%

Distribution des résultats

Percentile by Number Answered

% des personnes avec chaque résultat

Votre développement - résultats

Vous n’avez pas pris ce quiz depuis la dernière actualisation